000 00421cam a22001457a 4500
008 180718b2005 xxu||||| |||| 00| 0 eng d
020 _a8121208246
082 _aC41x54 K11
100 _aKaarthikeyan, D.R.
245 _aHuman rights: problems and solutions
_cby D.R. Kaarthikeyan
260 _aNew Delhi
_bGyan
_c2005
300 _a284p.
650 _aWomen - Law and legal status, etc.
650 _aHuman rights - India
999 _c403515
_d403515